| 000 | 01094nam a2200265Ia 4500 | ||
|---|---|---|---|
| 003 | OSt | ||
| 005 | 20220916110915.0 | ||
| 006 | a|||||r|||| 00| 0 | ||
| 007 | ta | ||
| 008 | 220915b |||||||| |||| 00| 0 hin d | ||
| 024 | _a269688 | ||
| 037 | _cTextbook | ||
| 040 |
_bhin _aARTS _cARTS |
||
| 041 | _ahin | ||
| 082 | _aO15,2D98:g, 152K3 | ||
| 100 | _aद्विवेदी, हजारी प्रसाद; | ||
| 245 | 0 | _aनाट्यशास्त्र की भारतीय परम्परा और दशरूपक | |
| 246 | _aNāṭyashāstra kī bhāratīya paramparā aur dasharūpaka | ||
| 260 |
_aदिल्ली _bराजकमल प्रकाशन भारत _c1963 |
||
| 300 |
_a456पण् _ccm. |
||
| 650 | _aहिन्दी साहित्य | ||
| 700 | _aद्विवेदी, पृथ्वीनाथ | ||
| 942 |
_hO15,2D98:g, 152K3 _cTB _2CC |
||
| 999 |
_c101003 _d101003 |
||